Final Fantasy XIV - Klassen & Jobs - Statistiken

Allgemein
  • Dieses Quiz wurde 37 mal gespielt
    22 seit der letzten Aktualisierung
  • Das Durchschnittsergebnis liegt bei 29 aus 42
Antwortstatistiken
Antwort % Korrekt
Mönch
94%
Krieger
88%
Paladin
88%
Rotmagier
88%
Weißmagier
88%
Beschwörer
82%
Blaumagier
82%
Dragoon
82%
Dunkelritter
82%
Schwarzmagier
82%
Astrologe
76%
Barde
76%
Druide
76%
Gelehrter
76%
Ninja
76%
Faustkämpfer
71%
Fischer
71%
Gladiator
71%
Goldschmied
71%
Gourmet
71%
Revolverklinge
71%
Viper
71%
Waldläufer
71%
Weiser
71%
Alchemist
65%
Gärtner
65%
Grobschmied
65%
Maschinist
65%
Minenarbeiter
65%
Gerber
59%
Pikenier
59%
Piktomant
59%
Plattner
59%
Samurai
59%
Tänzer
59%
Weber
59%
Zimmerer
59%
Schnitter
53%
Schurke
47%
Thaumaturg
47%
Hermetiker
35%
Marodeur
35%
Keine übereinstimmenden Quizze gefunden
Verteilung der Resultate
Anzahl Personen mit jedem Resultat
Perzentil nach korrekt beantworteten Fragen
Ihre Resultats-Entwicklung
Sie haben dieses Quiz seit der letzten Aktualisierung nicht gespielt